| 000 | 01855cam a22002533a 4500 | ||
|---|---|---|---|
| 001 | 30635 | ||
| 003 | PGUSA | ||
| 005 | 20140828083649.0 | ||
| 008 | 091209s2009||||xxu|||||s|||||000 | eng d | ||
| 040 |
_aPGUSA _beng |
||
| 042 | _adc | ||
| 050 | 4 | _aPZ | |
| 100 | 1 |
_aCrooke, William, _d1848-1923 |
|
| 245 | 1 | 4 |
_aThe Talking Thrush, and Other Tales from India _h[electronic resource] / _cWilliam Crooke |
| 260 |
_bProject Gutenberg, _c2009 |
||
| 505 | 0 | _aThe talking thrush -- The rabbit and the monkey -- The sparrow's revenge -- The judgment of the jackal -- How the mouse got into his hole -- King Solomon and the owl -- The camel's neck -- The quail and the fowler -- The king of the kites -- The jackal and the camel -- The old shepherd -- Beware of bad company -- The foolish wolf -- Reflected glory -- The cat and the sparrows -- The foolish fish -- The clever goat -- A crow is a crow for ever -- The grateful goat -- The cunning jackal; or, the biter bit -- The farmer's ass -- The parrot judge -- The frog and the snake -- Little Miss Mouse and her friends -- The jackal that lost his tail -- The wily tortoise -- The king of the mice -- The valiant blackbird -- The goat and the hog -- The parrot and the parson -- The lion and the hare -- The monkey's bargains -- The monkey's rebuke -- The bull and the bullfinch -- The swan and the crow -- Pride shall have a fall -- The kid and the tiger -- The stag, the crow and the jackal -- The monkey and the crows -- The swan and the paddy-bird -- What is a man? -- The wound and the scar -- The cat and the parrot -- Notes. | |
| 506 | _aPublic domain in the USA. | ||
| 516 | _aElectronic text | ||
| 653 | _aFolklore -- India | ||
| 700 | 1 |
_aRobinson, W. Heath _q(William Heath), _d1872-1944 |
|
| 830 | 0 |
_aProject Gutenberg _v30635 |
|
| 856 | 4 | 0 | _uhttp://www.gutenberg.org/ebooks/30635 |
| 942 | _cEB | ||
| 999 |
_c259890 _d259890 |
||